Catalog

Record Details

Catalog Search



Available copies

  • 2 of 2 copies available at LARL/NWRL Consortium.
  • 2 of 2 copies available at Northwest Regional Library. (Show preferred library)

Current holds

0 current holds with 2 total copies.

Show Only Available Copies
Location Call Number / Copy Notes Barcode Shelving Location Status Due Date
Hallock Public Library e LAT (Text) 35500005396294 Main Available -
Roseau Public Library e LAT (Text) 35500005307408 Main Available -

Record details

  • ISBN: 9781561457090 (hbk.)
  • ISBN: 1561457094 (hbk.)
  • Physical Description: 1 volume (unpaged) : color illustrations ; 28 cm.
  • Edition: First United States edition.
  • Publisher: Atlanta : Peachtree Publishers, 2013.

Content descriptions

General Note:
"Originally published in Great Britain in 2013 by Picture Corgi, an imprint of Random House ... Read More
Summary, etc.:
"Lion is mean to everyone. When the other animals ... Read More
Subject: Lion > Juvenile fiction.
Rabbits > Juvenile fiction.
Animals > Juvenile fiction.
Bullies > Juvenile fiction.
Contests > Juvenile fiction.
LDR 01631cam a2200385 i 4500
001155964
003LARL_NWRL_CONSORTIUM
00520130815112349.0
008121128r20132013gaua b 000 1 eng
010 . ‡a2012044982
020 . ‡a9781561457090 (hbk.)
020 . ‡a1561457094 (hbk.)
035 . ‡a(OCoLC)819741681
040 . ‡aDLC ‡erda ‡beng ‡cDLC ‡dIG# ‡dBDX ‡dYDXCP ‡dBTCTA ‡dOCLCO
049 . ‡aNRG
08200. ‡a[E] ‡223
1001 . ‡aLatimer, Alex, ‡eauthor, ‡eillustrator.
24510. ‡aLion vs Rabbit / ‡cby Alex Latimer.
2463 . ‡aLion versus Rabbit.
250 . ‡aFirst United States edition.
260 . ‡aAtlanta : ‡bPeachtree Publishers, ‡c2013.
300 . ‡a1 volume (unpaged) : ‡bcolor illustrations ; ‡c28 cm.
336 . ‡atext ‡2rdacontent.
337 . ‡aunmediated ‡2rdamedia.
338 . ‡avolume ‡2rdacarrier.
520 . ‡a"Lion is mean to everyone. When the other animals can't take his bullying anymore, they hire Rabbit to outsmart him"-- ‡cProvided by publisher.
500 . ‡a"Originally published in Great Britain in 2013 by Picture Corgi, an imprint of Random House Children's Books"--Title page verso.
650 0. ‡aLion ‡vJuvenile fiction.
650 0. ‡aRabbits ‡vJuvenile fiction. ‡0(LARL_NWRL_CONSORTIUM)166996
650 0. ‡aAnimals ‡vJuvenile fiction. ‡0(LARL_NWRL_CONSORTIUM)162061
650 0. ‡aBullies ‡vJuvenile fiction.
650 0. ‡aContests ‡vJuvenile fiction. ‡0(LARL_NWRL_CONSORTIUM)171628
901 . ‡a155964 ‡bISxN ‡c155964 ‡tbiblio

Additional Resources